A televízióban látható erőszakos tartalmak hatása a jövő kor generációjára

Bibliográfiai részletek
Szerző: Bódor Virág
További közreműködők: Surányi Dr. András
Dokumentumtípus: Diplomadolgozat
Kulcsszavak:Televíziózás
Erőszak
Hatásvizsgálat
Gyermeklélektan
Online Access:http://dolgozattar.uni-bge.hu/10005

MARC

LEADER 00000nta a2200000 i 4500
001 dolg10005
005 20171005122009.0
008 170426suuuu hu om 000 hun d
040 |a BGE Dolgozattár Repozitórium  |b hun 
041 |a hu 
100 1 |a Bódor Virág 
245 1 2 |a A televízióban látható erőszakos tartalmak hatása a jövő kor generációjára  |c Bódor Virág  |h [elektronikus dokumentum] 
695 |a Televíziózás 
695 |a Erőszak 
695 |a Hatásvizsgálat 
695 |a Gyermeklélektan 
700 1 |a Surányi Dr. András  |e ths 
856 4 0 |u http://dolgozattar.uni-bge.hu/10005/1/szakdoga-k%C3%A9sz.pdf  |z Dokumentum-elérés